[Event "12th Arad Open 2019"]
[Site "Arad"]
[Date "2019.07.24"]
[Round "1.1"]
[White "Mastrovasilis, Dimitrios"]
[Black "Popa-Matei, Viorel-Ovidiu"]
[Result "1-0"]
[WhiteElo "2589"]
[BlackElo "1895"]
[Annotator "TA"]
[PlyCount "54"]
[EventDate "2019.07.24"]
[EventType "swiss"]
[EventCountry "ROU"]
[SourceTitle "playchess.com"]
[Source "ChessBase"]
[SourceQuality "1"]

{[%evp 18,54,142,138,127,120,160,160,185,184,183,184,180,122,358,379,370,365,355,337,460,470,474,478,485,466,476,493,491,455,508,468,446,413,500,494,489,409,1352]} 1. e4 e5 2. Nf3 Nc6 3. Bb5 a6 4. Ba4 Nf6 5. O-O b5 6. Bb3 Be7 7. d4 exd4 8. e5 Ne4 9. Bd5 Nc5 10. Nxd4 Nxd4 {C84: Closed Ruy Lopez: Unusual White 6th moves} (10... Bb7 11. Nf5 Bf8 12. Nc3 g6 13. Nh6 Bxh6 14. Bxh6 Ne6 15. Ne4 Qh4 16. Nf6+ Ke7 17. Bxe6 Nxe5 18. Bd5 Kxf6 19. Bxb7 {1-0 (32) Grischuk,A (2737)-Nepomniachtchi,I (2767) Doha 2016}) 11. Bxa8 Nf5 12. Bf3 $146 ({Predecessor:} 12. Bd5 O-O 13. Nc3 d6 14. Bf4 Ne6 15. exd6 Nxf4 16. dxe7 Qxe7 17. Bf3 Nh4 18. Nd5 {1-0 (34) Rudolf,H (2235)-Klimpel,T Wuerzburg 1996}) 12... Nh4 {White is clearly better.} 13. Nc3 Nxf3+ 14. Qxf3 Bb7 15. Qg3 (15. Nd5 $18) 15... b4 $2 {[#]} (15... O-O $16 {is a better defense.} 16. Be3 f6) 16. Qxg7 $18 Rf8 17. Ne2 Ne6 18. Qxh7 Qa8 19. f3 Qa7+ 20. Kh1 Qc5 21. Bh6 Ng5 22. Bxg5 Bxg5 23. Qf5 Be7 24. Rad1 {[%csl Gd1][%cal Rf5d7] [#]} Bc6 25. Ng3 Rh8 26. Ne4 Qc4 27. b3 Qxc2 {Accuracy: White = 66%, Black = 41%.} (27... Qe6 $142 28. Nf6+ Kd8 29. Qxe6 fxe6) 1-0

[Event "12th Arad Open 2019"]
[Site "Arad"]
[Date "2019.07.24"]
[Round "1.2"]
[White "Mihet, Vasile-Mihai"]
[Black "Istratescu, Andrei"]
[Result "0-1"]
[WhiteElo "1895"]
[BlackElo "2555"]
[Annotator "TA"]
[PlyCount "48"]
[EventDate "2019.07.24"]
[EventType "swiss"]
[EventCountry "ROU"]
[SourceTitle "playchess.com"]
[Source "ChessBase"]
[SourceQuality "1"]

{[%evp 10,81,11,0,2,-6,-4,-14,-4,-6,-8,-45,-31,-66,-72,-112,-117,-144,-87,-97,-79,-97,-62,-67,-66,-72,-67,-223,-222,-221,-221,-266,-222,-227,-227,-223,-229,-279,-269,-326,-319,-336,-342,-341,-342,-484,-482,-463,-422,-431,-422,-426,-410,-455,-430,-636,-646,-808,-813,-839,-756,-1112,-1099,-1077,-1091,-2046,-1986,-29993,-29994,-29994,-29992,-29992,-29990,-29999]} 1. d4 Nf6 2. Nf3 c5 3. e3 g6 4. Be2 Bg7 5. O-O O-O 6. Nbd2 b6 {A48: 1 d4 Nf6 2 Nf3 g6: Torre, London and Colle Systems} 7. Re1 (7. b3 cxd4 8. Nxd4 d5 9. Bb2 Bb7 10. c4 e5 11. N4f3 e4 12. Nd4 Nbd7 13. Rc1 Qe7 14. cxd5 Nxd5 {0-1 (30) Pohl Kuemmel,J (2302)-Kuzubov,Y (2644) Germany 2019}) 7... Bb7 8. c3 d5 {The position is equal.} 9. Qc2 Nbd7 10. Nf1 $146 ({Predecessor:} 10. b3 Qc7 11. Bd3 Rfe8 12. e4 dxe4 13. Nxe4 Nxe4 14. Bxe4 e6 15. Bxb7 Qxb7 {1-0 (24) De La Fuente Gil,R (1842)-Martin Valentin,M (1750) Barcelona 2015}) 10... Qc7 11. Ng3 e5 12. Bf1 e4 13. Nd2 Rfe8 (13... Ng4 $142 {Strongly threatening ...cxd4.} 14. Qd1 f5) 14. Qd1 $17 h5 15. h3 cxd4 16. cxd4 Bf8 17. Be2 Nh7 18. Bxh5 $2 {[#]} ({White should play} 18. Nb1 $15) 18... gxh5 $19 19. Nxh5 Ndf6 20. Nf1 Rac8 21. Bd2 Qc2 22. Qe2 Qxb2 23. Reb1 Qa3 24. Rb3 Qa6 {Played: Qa3-a4} 0-1

[Event "12th Arad Open 2019"]
[Site "Arad"]
[Date "2019.07.24"]
[Round "1.3"]
[White "Svetushkin, Dmitry"]
[Black "Georgescu, Cristian"]
[Result "1-0"]
[WhiteElo "2528"]
[BlackElo "1891"]
[Annotator "TA"]
[PlyCount "64"]
[EventDate "2019.07.24"]
[EventType "swiss"]
[EventCountry "ROU"]
[SourceTitle "playchess.com"]
[Source "ChessBase"]
[SourceQuality "1"]

{[%evp 15,64,33,23,25,57,27,61,66,78,75,90,54,78,75,85,89,101,86,227,217,227,175,162,164,170,165,153,149,192,125,198,175,236,243,260,224,361,361,356,358,358,363,378,371,685,535,991,983,979,970,942]} 1. d4 d5 2. c4 c6 3. Nc3 e5 4. dxe5 d4 5. Ne4 Qa5+ 6. Bd2 Qxe5 7. Ng3 c5 8. Nf3 Qc7 9. e3 {D10: Slav Defence: 3 cxd5 (without early Nf3) and 3 Nc3} Nc6 10. Bd3 Be7 11. exd4 {White is slightly better.} cxd4 12. O-O Nf6 13. b4 (13. a3 O-O 14. b4 Bg4 15. h3 Bxf3 16. Qxf3 a5 {1-0 (53) Krasenkow,M (2626)-Czerwonski,A (2365) Trzcianka 2018}) 13... Bg4 $146 ({Predecessor:} 13... O-O 14. a3 Bg4 15. h3 Bxf3 16. Qxf3 Ne5 {1-0 (54) Iljin,T (2389)-Pisakov,I (2239) St Petersburg 2014}) 14. h3 $36 {[%mdl 2048] White is on the roll.} Bxf3 15. Qxf3 {Threatens to win with Bf4.} Ne5 {[%cal Bc6e5,Be5d3,Bd3f4][%mdl 32]} 16. Qe2 {[#] Black must now prevent Nf5.} O-O-O (16... O-O $16) 17. Nf5 $18 Nxd3 18. Nxe7+ Kb8 19. Nf5 Nf4 20. Qf3 g5 21. c5 h5 22. h4 (22. Rfe1 $18) 22... Ng4 {[#]} (22... Qe5 $16) 23. Nd6 $1 f6 (23... Rxd6 $142 24. Bxf4 (24. cxd6 Qxd6 25. Bxf4 Qxf4 $16) (24. hxg5 $2 Ne2+ 25. Qxe2 Re6 $19) 24... gxf4 25. cxd6 Qxd6) 24. Bxf4 gxf4 25. Qxf4 d3 (25... Rhg8 $142 26. g3 (26. Qxd4 Ne5 $16) 26... Ne5 27. Qxf6 Qg7 28. Qxg7 Rxg7) 26. Rad1 {[%cal Ba1d1,Bd1d3,Bd3e3][%mdl 32]} Rhg8 {Now ...Ne5 and Black clings on.} 27. Rxd3 Ne5 28. Re3 Qc6 {[%csl Gg8][%cal Rc6g2]} 29. g3 Ng4 $2 (29... Rgf8 30. Nc4 Kc8 31. Qf5+ Qd7 32. Qxd7+ Rxd7) 30. Nb5+ {[%cal Bd6b5,Bb5c7,Bc7d5][%mdl 32] White is clearly winning.} Ka8 31. Nc7+ Kb8 32. Nd5+ Ne5 {Accuracy: White = 77%, Black = 20%.} 1-0

[Event "12th Arad Open 2019"]
[Site "Arad"]
[Date "2019.07.24"]
[Round "1.4"]
[White "Pelin, Ana-Maria"]
[Black "Jianu, Vlad-Cristian"]
[Result "0-1"]
[WhiteElo "1886"]
[BlackElo "2523"]
[Annotator "TA"]
[PlyCount "58"]
[EventDate "2019.07.24"]
[EventType "swiss"]
[EventCountry "ROU"]
[SourceTitle "playchess.com"]
[Source "ChessBase"]
[SourceQuality "1"]

{[%evp 11,58,1,29,22,53,35,42,37,32,-31,-12,-278,-282,-282,-278,-268,-272,-262,-272,-268,-224,-256,-227,-234,-225,-378,-365,-387,-355,-373,-374,-448,-461,-447,-451,-486,-497,-511,-510,-647,-657,-658,-664,-639,-655,-774,-766,-1125,-1116]} 1. d4 g6 2. c4 Bg7 3. Nf3 Nf6 4. g3 d5 5. Bg2 dxc4 6. Qa4+ Nbd7 7. Nc3 {D73: Fianchetto Grünfeld: 5 Nf3} (7. O-O O-O 8. Qxc4 Nb6 9. Qb3 Be6 10. Qd1 Ne4 11. Nbd2 Bd5 12. Qc2 Nxd2 13. Bxd2 Bxf3 14. Bxf3 Qxd4 15. Bc3 Qc4 16. Bxb7 {0-1 (70) Javakhadze,Z (2449)-Swiercz,D (2649) Burlingame 2019}) 7... a6 8. O-O O-O 9. Qxc4 {White is slightly better.} b5 10. Qc6 $146 (10. Qb3 $14) ({Predecessor:} 10. Qd3 Bb7 11. Rd1 c5 12. a3 Qc8 13. Bh3 e6 14. Bf4 Re8 15. Ne5 Nh5 16. Ne4 {0-1 (28) Khailaev,M (2185)-Vakhidov,J (2396) Tashkent 2012}) 10... Ra7 $1 $15 {aiming for ...Bb7.} 11. Bf4 $2 {[%mdl 8192]} (11. Ne4 $11 {and White has nothing to worry.}) 11... Bb7 $19 12. Qxc7 Qxc7 13. Bxc7 Bxf3 {[%mdl 64] Discovered Attack} 14. Bxf3 Rxc7 15. e3 Nb6 16. Rac1 Rfc8 17. Ne2 Nc4 18. Rc2 $2 {[#]} (18. b3 Nd6 19. Rxc7 Rxc7 20. Rc1) 18... Ne5 $1 {[%mdl 512]} 19. dxe5 {And now Rxc7 would win.} Rxc2 20. exf6 Bxf6 21. Rb1 Rxb2 {Black is clearly winning.} 22. Rxb2 Bxb2 {[%mdl 4096] Endgame KRB-KBN} 23. Bb7 Rc2 24. Nf4 a5 {[%cal Ba6a5,Ba5a4,Ba4a3][%mdl 32]} 25. Ba6 b4 26. Bd3 Rd2 27. Bc4 a4 28. Nd3 {[#]} b3 $1 29. axb3 a3 {Accuracy: White = 28%, Black = 80%.} 0-1

[Event "12th Arad Open 2019"]
[Site "Arad"]
[Date "2019.07.24"]
[Round "1.5"]
[White "Palii, Alex"]
[Black "David, Alexandru-Vasile"]
[Result "0-1"]
[WhiteElo "1875"]
[BlackElo "2428"]
[Annotator "TA"]
[PlyCount "66"]
[EventDate "2019.07.24"]
[EventType "swiss"]
[EventCountry "ROU"]
[SourceTitle "playchess.com"]
[Source "ChessBase"]
[SourceQuality "1"]

{[%evp 14,66,43,9,22,15,18,7,17,-3,3,0,28,31,26,27,29,-28,-31,-29,-11,-36,0,-40,-43,-58,-52,-63,-67,-91,-90,-209,-198,-184,-196,-250,-252,-257,-269,-310,-311,-375,-364,-450,-422,-994,-995,-960,-929,-1302,-1269,-5557,-3367,-2541,-1902]} 1. e4 Nf6 2. e5 Nd5 3. d4 d6 4. Nf3 g6 5. Bc4 Nb6 6. Bb3 Bg7 7. O-O O-O 8. Bf4 Nc6 {[%cal Bb8c6,Bc6e5,Be5d3][%mdl 32] B04: Alekhine's Defence: 4 Nf3} 9. c3 Bg4 10. exd6 cxd6 {The position is equal.} 11. Nbd2 (11. h3 Bf5 12. Nbd2 Rc8 13. Re1 Na5 14. Bc2 Bxc2 15. Qxc2 Nc6 {½-½ (42) Vusatiuk,V (2338)-Manafov,V (2165) Pardubice 2017}) 11... e5 12. dxe5 $1 Nxe5 $146 ({Predecessor:} 12... dxe5 13. Bg5 Qc7 14. h3 Bf5 15. Qe2 Rfe8 16. g4 {0-1 (44) Dzhavathanov,M-Ermolov,V (2146) St Petersburg 2007}) 13. h3 Nd3 14. hxg4 {[#] Bg5 is the strong threat.} Nxf4 15. Ne4 ({White should try} 15. g3 Ne6 16. a4) 15... d5 $11 16. Ng3 Nc4 $36 {[%mdl 2048] Black is more active.} 17. Qc2 Qc8 18. Bxc4 dxc4 19. g5 Qc7 20. Ne2 Nd3 21. Nfd4 Qc5 22. f4 (22. Nf3 $17) 22... Rfe8 23. Rf3 Re4 24. Raf1 (24. Kh2 {might work better.}) 24... Rae8 $19 ({Much less strong is} 24... Bxd4+ 25. Nxd4 Rae8 26. Qa4 $17) 25. Kh1 Qa5 26. Ng3 Ne1 27. Qb1 R4e7 {Strongly threatening ...Bxd4.} ({Not} 27... Nxf3 28. Nxe4 Nxd4 29. cxd4 $17) 28. R3f2 Nd3 {Black is clearly winning.} 29. Re2 (29. Rf3 $142 Bxd4 30. cxd4) 29... Bxd4 30. Rxe7 Rxe7 31. cxd4 Qd2 {[%mdl 64] [#] Double Attack} 32. b3 c3 33. d5 c2 {Accuracy: White =  8%, Black = 94%.} 0-1

[Event "12th Arad Open 2019"]
[Site "Arad"]
[Date "2019.07.24"]
[Round "1.6"]
[White "Czebe, Attila"]
[Black "Maruntis, Patrik-Robert"]
[Result "1-0"]
[WhiteElo "2436"]
[BlackElo "1876"]
[Annotator "TA"]
[PlyCount "89"]
[EventDate "2019.07.24"]
[EventType "swiss"]
[EventCountry "ROU"]
[SourceTitle "playchess.com"]
[Source "ChessBase"]
[SourceQuality "1"]

{[%evp 11,89,-9,-1,-7,-1,-9,-9,-5,45,47,52,43,78,60,100,50,84,76,85,35,88,73,92,89,91,79,88,88,99,102,110,104,95,96,104,97,127,127,129,0,0,0,0,0,0,0,0,0,0,0,0,0,5,7,154,154,154,152,154,143,237,227,413,389,320,221,207,202,853,800,1358,1357,1335,1320,1136,1102,29987,29988,29988,29989]} 1. Nf3 d5 2. g3 Nf6 3. Bg2 g6 4. b3 Bg7 5. Bb2 c5 6. O-O O-O 7. e3 {A05: Réti Opening: 1 Nf3 Nf6} Nc6 8. Ne5 Nxe5 9. Bxe5 {The position is equal.} Ne8 $146 ({Predecessor:} 9... Bg4 10. Qc1 Qd7 11. d3 Qf5 12. Bb2 Bh3 13. Nd2 Bxg2 14. Kxg2 Rfd8 {0-1 (61) Carlsen,M (2868)-Radjabov,T (2745) Stavanger 2013}) 10. Bxg7 Nxg7 11. d4 cxd4 12. Qxd4 e6 13. Nd2 Bd7 14. c4 Bc6 15. cxd5 exd5 (15... Bxd5 $14 16. Bxd5 Qxd5) 16. Nf3 Qe7 17. Rfd1 Rfe8 18. Qb2 Rad8 19. Rac1 Nf5 20. Nd4 Qe5 21. Qa3 Nxd4 22. Rxd4 ({Don't play} 22. exd4 $6 Qf6 $11) 22... a6 23. Rcd1 Qe7 24. Qxe7 Rxe7 25. e4 (25. Bxd5 $16 Bxd5 26. Rxd5 Rxd5 27. Rxd5) 25... Rde8 $11 {[%cal Rd5e4]} 26. e5 $1 ({But not} 26. exd5 Re1+ 27. Bf1 Bb5 $17) 26... Rxe5 {...Re1+ is the strong threat.} 27. Bxd5 Bxd5 28. Rxd5 {[%mdl 4096] Endgame KRR-KRR} Re2 29. a4 Kg7 30. Kg2 Rb2 31. R1d3 Re6 (31... Ree2 $5 32. Rf3 $8 Re7 $11) 32. Rf3 $1 Rf6 {[#]} (32... Re7 $11) 33. Rxf6 $1 $16 Kxf6 {[#] KR-KR} 34. Rd6+ $1 Ke5 35. Rb6 Kd4 (35... a5 $16 36. Rxb7 Ke6) 36. Rxb7 $18 Kc3 $2 (36... Ke5 {is a better defense.} 37. Rxf7 Rxb3 38. Rxh7 Rb4) 37. Rxf7 Rxb3 38. a5 Rb5 39. Rxh7 Kd4 $2 (39... Rxa5 40. Ra7 Kd4) 40. Rh6 Rxa5 41. Rxg6 Ra1 42. h4 Ke5 43. h5 {Black must now prevent h6.} Kf5 44. g4+ Kf4 45. h6 {Accuracy: White = 79%, Black = 26%.} 1-0

[Event "12th Arad Open 2019"]
[Site "Arad"]
[Date "2019.07.24"]
[Round "1.7"]
[White "Dracea, Gheorghe"]
[Black "Song, Raymond"]
[Result "0-1"]
[WhiteElo "1878"]
[BlackElo "2456"]
[Annotator "RC"]
[PlyCount "58"]
[EventDate "2019.07.24"]
[EventType "swiss"]
[EventCountry "ROU"]
[SourceTitle "playchess.com"]
[Source "ChessBase"]
[SourceQuality "1"]
[TimeControl "40/5400+30:900+30"]

1. e4 c6 2. d4 {[%emt 0:03:45]} d5 {[%emt 0:00:05]} 3. Nc3 {[%emt 0:01:34]} dxe4 {[%emt 0:00:05]} 4. Nxe4 {[%emt 0:00:02]} Bf5 {[%emt 0:00:09]} 5. Ng3 {[%emt 0:00:03]} Bg6 {[%emt 0:00:05]} 6. N1e2 {[%emt 0:03:26]} Nf6 {[%emt 0:00:07]} 7. Nf4 {[%emt 0:00:56]} e5 {[%emt 0:00:07]} 8. Nxg6 {[%emt 0:04:59]} hxg6 {[%emt 0:00:06]} 9. Be3 {[%emt 0:00:27]} Nbd7 {[%emt 0:00:09]} 10. Bc4 {[%emt 0:22:38]} Qc7 {[%emt 0:06:33]} 11. Qe2 {[%emt 0:02:27]} Bd6 {[%emt 0:03:10]} 12. O-O-O {[%emt 0:07:00]} O-O {[%emt 0:00:45]} 13. Qd3 {[%emt 0:13:09]} Nb6 {[%emt 0:10:43]} 14. Bb3 {[%emt 0:08:33]} Nbd5 {[%emt 0:03:43]} 15. dxe5 {[%emt 0:01:23]} Bxe5 {[%emt 0:00:18]} 16. Bc5 {[%emt 0:08:05]} Rfd8 {[%emt 0:02:53]} 17. Qf3 {[%emt 0:02:50]} a5 {[%emt 0:05:26]} 18. Ne4 {[%emt 0:05:25]} Nxe4 {[%emt 0:09:08]} 19. Qxe4 {[%emt 0:00:06]} a4 {[%emt 0:00:02]} 20. Bc4 {[%emt 0:04:19]} Nf6 {[%emt 0:02:39]} 21. Qh4 b6 {[%emt 0:04:27]} 22. Be3 {[%emt 0:04:55]} b5 {[%emt 0:00:39]} 23. Bd3 {[%emt 0:01:20]} a3 {[%emt 0:00:17]} 24. b3 {[%emt 0:00:17]} Nd5 {[%emt 0:00:21]} 25. Bd4 {[%emt 0:01:49]} Bxd4 {[%emt 0:00:54]} 26. Qxd4 {[%emt 0:00:01]} c5 {[%emt 0:00:30]} 27. Qe4 {[%emt 0:02:34]} Qe5 {[%emt 0:00:52]} 28. Kd2 {[%emt 0:00:02]} Qc3+ {[%emt 0:00:05]} 29. Kc1 {[%emt 0:00:18]} Nb4 {[%emt 0:00:04]} 0-1

[Event "12th Arad Open 2019"]
[Site "Arad"]
[Date "2019.07.24"]
[Round "1.8"]
[White "Gorodetzky, David"]
[Black "Ion, Dragos-Cosmin"]
[Result "1-0"]
[WhiteElo "2461"]
[BlackElo "1879"]
[Annotator "TA"]
[PlyCount "69"]
[EventDate "2019.07.24"]
[EventType "swiss"]
[EventCountry "ROU"]
[SourceTitle "playchess.com"]
[Source "ChessBase"]
[SourceQuality "1"]

{[%evp 12,69,29,25,39,28,28,28,30,34,29,28,31,20,42,33,62,22,27,38,40,22,43,20,24,13,44,17,55,55,55,50,59,62,52,47,62,26,50,28,85,101,121,117,474,475,436,383,954,947,29977,29978,29978,29979,29984,29985,29985,29986,29996,29997]} 1. c4 Nf6 2. Nc3 e6 3. e4 d5 4. cxd5 exd5 5. e5 Ne4 6. Nf3 Nc6 7. Bb5 Bc5 {A18: English Opening: Flohr-Mikenas System (1 c4 Nf6 2 Nc3 e6 3 e4)} (7... Be7 8. O-O O-O 9. d4 Bg4 10. h3 Bh5 11. Be3 f6 12. exf6 Bxf6 13. Be2 Kh8 14. Re1 Qd6 15. Nd2 Bg6 16. Bf3 Rae8 17. Nb3 Nb4 {½-½ (107) Le,Q (2714)-Peralta,F (2580) Caleta 2019}) 8. O-O O-O 9. d4 Bb6 {White has an edge.} 10. h3 Bf5 11. Be3 Ne7 $146 ({Predecessor:} 11... Nxc3 12. bxc3 f6 13. Bxc6 bxc6 14. exf6 Qxf6 15. Ne5 {1-0 (46) Faizrakhmanov,R (2423)-Garayev,K (2260) Moscow 2018}) 12. Bd3 Qd7 13. Nh4 Nxc3 14. bxc3 Bxd3 15. Qxd3 f6 16. f4 Rae8 17. exf6 Rxf6 18. f5 Rff8 19. g4 c6 20. Nf3 $36 {[%mdl 2048] White is more active.} Nc8 {[%cal Be7c8,Bc8d6,Bd6e4][%mdl 32]} 21. Ne5 Qd8 22. Kg2 Nd6 23. Bf4 Ne4 24. Rab1 c5 25. Rfe1 c4 (25... cxd4 $11 {remains equal.} 26. cxd4 g6) 26. Qf3 $16 Ba5 27. Rxb7 {Strongly threatening Nc6.} Qh4 $2 {[%mdl 8192] [#]} (27... Qa8 $16 {is a better chance.} 28. Rb5 Bc7) 28. Rxe4 $18 dxe4 29. Qe2 Rc8 $2 (29... Kh8 30. Nf7+ (30. Rxa7 Bxc3 31. Qxe4 Qe1 $16) (30. Qxc4 Qe1 $11) 30... Rxf7 31. Rxf7 Bxc3 32. Qxe4 Qe1 33. Qxe1 Bxe1 34. Rxa7 Bh4) 30. Qxe4 Rfd8 31. Nf3 {White mates.} Qf6 32. Be5 Qc6 33. Rxg7+ Kf8 34. Qf4 Bxc3 35. Qg5 {Accuracy: White = 65%, Black = 27%.} 1-0

[Event "12th Arad Open 2019"]
[Site "Arad"]
[Date "2019.07.24"]
[Round "1.9"]
[White "Matei, Adrian"]
[Black "Schitco, Ivan"]
[Result "0-1"]
[WhiteElo "1882"]
[BlackElo "2462"]
[Annotator "TA"]
[PlyCount "49"]
[EventDate "2019.07.24"]
[EventType "swiss"]
[EventCountry "ROU"]
[SourceTitle "playchess.com"]
[Source "ChessBase"]
[SourceQuality "1"]

{[%evp 11,49,46,60,25,41,9,16,8,21,-10,5,0,2,-8,-8,-58,-54,-364,-364,-353,-352,-414,-418,-417,-408,-506,-460,-901,-900,-989,-951,-897,-808,-1382,-1333,-1292,-810,-1277,-805,-746]} 1. e4 d6 2. d4 Nf6 3. Nc3 g6 4. f3 c6 5. Be3 Nbd7 6. Qd2 b5 7. a3 {B07: Pirc Defence: Miscellaneous Systems} (7. O-O-O b4 8. Nce2 a5 9. Kb1 Ba6 10. g4 Nb6 11. b3 h5 12. g5 Nfd7 13. f4 Bg7 14. f5 gxf5 15. exf5 {1-0 (32) Moradiabadi,E (2546)-Mamedyarov,S (2817) chess.com INT 2019}) 7... Bb7 8. Nh3 Bg7 9. Be2 {The position is equal.} O-O 10. Bh6 $146 ({Predecessor:} 10. O-O e5 11. Rad1 Re8 12. Kh1 a6 13. Nf2 d5 14. dxe5 Nxe5 {1-0 (27) Olafsson,D (2270)-Thorsson,O (2180) Reykjavik 1994}) 10... Qb6 11. Bxg7 Kxg7 12. Nf2 e5 13. d5 (13. O-O-O {seems wilder.} a5 14. Ng4 Nxg4 15. fxg4 Rfd8 16. Rhf1) 13... cxd5 14. Bxb5 $2 {[%mdl 8192] [#]} ({Better is} 14. exd5 $15 Rac8 15. O-O) 14... d4 $19 15. Bxd7 dxc3 ({Weaker is} 15... Nxd7 16. Na4 $17) 16. bxc3 Nxd7 17. h4 h5 18. g4 Nf6 {[#] ...hxg4 is the strong threat.Black is clearly winning.} 19. Rg1 (19. g5 $142 Ne8 20. O-O) 19... hxg4 20. h5 Nxh5 21. Rxg4 Nf4 22. O-O-O Rab8 23. Rxf4 exf4 24. Qxd6 Qxd6 25. Rxd6 {Accuracy: White = 25%, Black = 75%.} 0-1

[Event "12th Arad Open 2019"]
[Site "Arad"]
[Date "2019.07.24"]
[Round "1.10"]
[White "Costachi, Mihnea"]
[Black "Denes, Attila-Norbert"]
[Result "1-0"]
[WhiteElo "2471"]
[BlackElo "1886"]
[Annotator "RC"]
[PlyCount "47"]
[EventDate "2019.07.24"]
[EventType "swiss"]
[EventCountry "ROU"]
[SourceTitle "playchess.com"]
[Source "ChessBase"]
[SourceQuality "1"]
[TimeControl "40/5400+30:900+30"]

1. d4 {[%emt 0:00:00]} Nf6 {[%emt 0:00:00]} 2. c4 {[%emt 0:00:00]} c5 {[%emt 0:00:00]} 3. d5 {[%emt 0:00:00]} e6 {[%emt 0:00:00]} 4. Nc3 {[%emt 0:00:04]} exd5 {[%emt 0:00:02]} 5. cxd5 {[%emt 0:00:06]} d6 {[%emt 0:00:14]} 6. Nf3 {[%emt 0:00:34]} g6 {[%emt 0:02:35]} 7. Nd2 {[%emt 0:00:31]} Bg7 {[%emt 0:02:08]} 8. e4 {[%emt 0:00:05]} O-O {[%emt 0:02:43]} 9. Be2 {[%emt 0:00:06]} Na6 {[%emt 0:01:45]} 10. Bxa6 {[%emt 0:01:42]} bxa6 {[%emt 0:00:11]} 11. O-O {[%emt 0:00:13]} Rb8 {[%emt 0:02:25]} 12. Nc4 {[%emt 0:01:43]} Qe7 {[%emt 0:03:16]} 13. Bf4 {[%emt 0:13:30]} Ne8 {[%emt 0:09:37]} 14. Re1 {[%emt 0:01:19]} Be5 {[%emt 0:03:52]} 15. Bxe5 {[%emt 0:17:18]} dxe5 {[%emt 0:00:17]} 16. d6 {[%emt 0:00:05]} Qe6 {[%emt 0:03:07]} 17. b3 {[%emt 0:01:16]} Nf6 {[%emt 0:05:34]} 18. Nd5 {[%emt 0:01:39]} Nd7 {[%emt 0:09:09]} 19. Qd2 {[%emt 0:18:21]} Bb7 {[%emt 0:12:24]} 20. Nc7 {[%emt 0:03:10]} Qf6 {[%emt 0:01:30]} 21. Rad1 {[%emt 0:01:28]} Kg7 {[%emt 0:06:09]} 22. Qa5 {[%emt 0:01:44]} Qd8 {[%emt 0:05:07]} 23. Qa3 {[%emt 0:00:43]} f5 {[%emt 0:11:13]} 24. Ne6+ {[%emt 0:00:07]} 1-0

[Event "12th Arad Open 2019"]
[Site "Arad"]
[Date "2019.07.24"]
[Round "1.11"]
[White "Macovei, Andrei"]
[Black "Pop, Laurentius"]
[Result "1-0"]
[WhiteElo "2424"]
[BlackElo "1870"]
[Annotator "TA"]
[PlyCount "85"]
[EventDate "2019.07.24"]
[EventType "swiss"]
[EventCountry "ROU"]
[SourceTitle "playchess.com"]
[Source "ChessBase"]
[SourceQuality "1"]

{[%evp 9,85,12,24,8,25,35,45,22,18,24,60,33,31,18,39,6,8,9,19,17,112,116,115,116,106,72,72,80,336,328,340,331,320,229,225,181,278,192,180,115,287,262,319,312,311,217,281,274,329,318,472,324,300,291,325,269,267,269,480,492,460,352,360,360,478,495,529,533,625,622,599,607,585,495,512,512,485,479]} 1. e4 e5 2. Nf3 Nc6 3. Bb5 Nf6 4. d3 Bc5 5. c3 d5 6. Nbd2 {C65: Ruy Lopez: Berlin Defence (3...Nf6), unusual lines and 4 0-0 Bc5} Bd6 $146 ({Predecessor:} 6... dxe4 7. dxe4 O-O 8. O-O a5 9. Bxc6 bxc6 10. Nxe5 Re8 11. Nb3 Qxd1 12. Rxd1 Bb6 13. Nc4 Nxe4 14. Nxb6 cxb6 {½-½ (32) Anand,V (2779)-Grischuk,A (2771) Shamkir 2019}) 7. O-O O-O 8. Re1 {White is slightly better.} dxe4 9. dxe4 a6 10. Bf1 (10. Bxc6 $5 bxc6 11. Nc4 $14) 10... Bc5 11. h3 Ba7 12. Qc2 Nh5 13. Nc4 {[%cal Bd2c4,Bc4e3,Be3d5][%mdl 32]} Qf6 14. Ne3 $36 {[%mdl 2048] White has good play.} Nf4 {[#]} (14... Bxe3 $1 $11 {keeps the balance.} 15. Rxe3 Nf4) 15. Nd5 $1 $16 {[%cal Rd5f6]} Nxd5 16. exd5 Bf5 17. Bd3 Bxd3 18. Qxd3 Rad8 $2 {[%mdl 8192]} (18... Ne7 $16) 19. Bg5 $18 {[%mdl 64] [#] Skewer} Qd6 20. Bxd8 Rxd8 21. Rad1 {aiming for Ng5.} f6 22. Nh4 {Strongly threatening Nf5.} ({Weaker is} 22. dxc6 Qxd3 23. Rxd3 Rxd3 $14) 22... Qc5 (22... Ne7 {was necessary.} 23. Nf5 Nxf5) 23. Qf3 Ne7 24. Nf5 (24. g4 $18) 24... Ng6 $2 (24... Qxf2+ $16 25. Qxf2 Bxf2+ 26. Kxf2 Nxf5) 25. g3 a5 26. h4 Nf8 27. Ne3 Rd7 28. h5 Rf7 29. Kg2 g6 (29... b5 {is a better defense.} 30. Re2 h6) 30. hxg6 hxg6 31. Ng4 Kg7 32. Qe3 Qxe3 33. Nxe3 f5 $2 (33... Bc5 34. Nc4 b6) 34. Nc4 {[%mdl 64] Double Attack} e4 35. f3 exf3+ 36. Kxf3 g5 37. d6 {White is clearly winning.} g4+ 38. Kg2 f4 39. gxf4 cxd6 40. Nxd6 Rxf4 41. Rf1 Rxf1 42. Rxf1 Bb8 43. Ne8+ {Accuracy: White = 53%, Black = 38%.} 1-0